000 00635nam a2200241Ia 4500
003 OSt
005 20220925212457.0
006 a|||||r|||| 00| 0
007 ta
008 220923b |||||||| |||| 00| 0 eng d
020 _a004551030X
037 _cGeneral Book
040 _aRTL
_cRTL
_beng
041 _2eng
_aeng
082 _aU22, L9
100 _aKnapp Brian J
_9276873
245 0 _aElements of geographical hydrology
260 _aLondon
_bAllen & Unwin UK
_c1979
300 _a85p. Bib p. 82
_ccm.
650 _aHydrology
942 _hU22, L9
_cGB
_2CC
999 _c560477
_d560477